Regional Economic Outlook, May 2010, Middle East and Central Asia.

The May 2010 Regional Economic Outlook: Middle East and Central Asia reports on the implications for the region of global economic developments and presents key policy challenges and recommendations. A resumption of capital inflows and the rebound in crude oil prices have aided the recovery in the o...

Descrizione completa

Dettagli Bibliografici
Ente Autore: International Monetary Fund. Middle East and Central Asia Dept
Natura: Periodico
Lingua:English
Pubblicazione: Washington, D.C. : International Monetary Fund, 2010.
Serie:Regional Economic Outlook
Accesso online:Full text available on IMF
LEADER 02231cas a2200241 a 4500
001 AALejournalIMF021753
008 230101c9999 xx r poo 0 0eng d
020 |c 20.00 USD 
020 |z 9781589069206 
022 |a 2071-4122 
040 |a BD-DhAAL  |c BD-DhAAL 
110 2 |a International Monetary Fund.  |b Middle East and Central Asia Dept. 
245 1 0 |a Regional Economic Outlook, May 2010, Middle East and Central Asia. 
264 1 |a Washington, D.C. :  |b International Monetary Fund,  |c 2010. 
300 |a 1 online resource (76 pages) 
490 1 |a Regional Economic Outlook 
500 |a <strong>Off-Campus Access:</strong> No User ID or Password Required 
500 |a <strong>On-Campus Access:</strong> No User ID or Password Required 
506 |a Electronic access restricted to authorized BRAC University faculty, staff and students 
520 3 |a The May 2010 Regional Economic Outlook: Middle East and Central Asia reports on the implications for the region of global economic developments and presents key policy challenges and recommendations. A resumption of capital inflows and the rebound in crude oil prices have aided the recovery in the oil-exporting countries of the Middle East and North Africa. The group of oil-importing countries is expected to show marginal increase in growth in response to a pickup in trade, investment, and bank credit. A key challenge for these countries is to enhance competitiveness to raise growth rates and generate employment. In the Caucasus and Central Asia, exports have begun to pick up, the decline in remittances appears to be slowing or reversing, and capital inflows have turned positive. For 2010, a recovery across the region is projected as the global economy, and in particular Russia, picks up speed. Overall, prospects for the region are improving and the regional impact of the Dubai crisis and events in Greece has been limited so far. Nevertheless, a repricing of sovereign debt cannot be excluded, adding a degree of uncertainty to the outlook. 
538 |a Mode of access: Internet 
830 0 |a Regional Economic Outlook 
856 4 0 |z Full text available on IMF  |u http://elibrary.imf.org/view/books/086/10507-9781589069206-en/10507-9781589069206-en-book.xml  |z IMF e-Library